000 00799nam a2200265 a 4500
001 000038118
003 DO-SdBNP
005 20220714105612.0
007 ta
008 111004s2006 dr 000 0 spa d
040 _aDO-SdBNP
_bspa
_cBNPHU
082 4 _bC257f
_222
100 1 _aCaraballo, José
_961294
245 1 0 _aFundamentos de contabilidad general /
_cJosé Caraballo, Víctor Naut.
260 _aSanto Domingo :
_bUnicaribe,
_c2006.
300 _av. ;
_c24 cm.
500 _aIncluye datos biografícos del autor en la página 9
500 _aLa biblioteca posee el volumen I y 2
504 _aBibliografía : p. 171-173
504 _aBibliografía : p. 207-208
590 _aInventariado, 2022/BT
700 1 _aNaut, Víctor
_961295
910 _aBtaárez
942 _2ddc
_cLBS1
999 _c37608
_d37608